000
00327nam a22001457a 4500
008
230601b ||||| |||| 00| 0 eng d
020
_a
9781111989446
041
_a
eng
080
_2
EIGHTH EDITION
_a
51
082
_a
51AUF
100
_a
23
101
_a
MATE
245
_a
BEGINNING ALGEBRA
_c
AUFMANN.N.R
942
_2
udc
_c
BK
999
_c
59910
_d
59910